00325nam a2200133Ia 4500008004100000041001200041082001600053100001600069245003400085260003100119300000800150650001500158700001800173221030s9999 xx 000 0 und d aEnglish a105.23bBha aN. D. Bhatt 0aGeometrical & Machine Drawing bCharotar Pub.aAnandc2000 a408 aMechanical aV. M. Panchal